Quimica. La ciencia central (Registro nro. 29226)
[ vista simple ]
| 000 -LÍDER | |
|---|---|
| fixed length control field | 00526nam a22002057a 4500 |
| 003 - IDENTIFICADOR DEL NÚMERO DE CONTROL | |
| control field | ITZ |
| 005 - FECHA Y HORA DE LA ULTIMA TRANSACCIÓN | |
| Campo de control | 20231206161037.0 |
| 008 - ELEMENTOS DE LONGITUD FIJA -- INFORMACIÓN GENERAL | |
| fixed length control field | 231206b |||||||| |||| 00| 0 spa d |
| 020 ## - NÚMERO INTERNACIONAL NORMALIZADO PARA LIBROS | |
| ISBN | 978-607-32-2237-2 |
| 035 ## - Número de ficha (Janium) | |
| Número de ficha (Janium) | 17609 |
| 041 ## - CÓDIGO DE IDIOMA | |
| Código de idioma para texto/pista de sonido o título separado | spa |
| 050 ## - SIGNATURA TOPOGRAFICA DE LA BIBLIOTECA DEL CONGRESO (LC) | |
| Número de Clasificación | QD31.2 |
| Cutter | B881 2014 |
| 082 ## - NUMERO DE CLASIFICACION DECIMAL DEWEY | |
| Número de Clasificación | 540.7 |
| Cutter | B262q 2014 |
| 100 1# - ASIENTO PRINCIPAL--NOMBRE PERSONAL | |
| Nombre personal | Brown, Theodore L. |
| 245 ## - TÍTULO | |
| Título | Quimica. La ciencia central |
| Mención de responsabilidad, etc. | Theodore L. Brown |
| 250 ## - MENCIÓN DE EDICIÓN | |
| Mención de edición | 12 |
| 260 ## - PUBLICACIÓN, DISTRIBUCIÓN, ETC. (PIE DE IMPRENTA) | |
| Lugar de publicación, distribución, etc. | México |
| Nombre del editor, distribuidor, etc. | Pearson Educacion |
| 300 ## - DESCRIPCIÓN FÍSICA | |
| Extensión | xxxxv1, 1063 p., il. / |
| Dimensiones | 28 cm. |
| 942 ## - TIPO DE MATERIAL (KOHA) | |
| Koha item type | Libros |
| No. biblioteca | No. biblioteca | Número de clasificación | Código de barras/Número de adquisición | Número de copia | Tipo de material | Otras carreras |
|---|---|---|---|---|---|---|
| ÁREA DE QUÍMICA | ÁREA DE BIOQUÍMICA | 540.7 B262q 2014 | 54480 | 1 | Libros | LUIS G. INCLAN |
